|
|
|
|
| LEADER |
01397nam a2200385Ia 4500 |
| 001 |
EBC408196 |
| 003 |
MiAaPQ |
| 005 |
20200520144314.0 |
| 006 |
m o d | |
| 007 |
cr cn||||||||| |
| 008 |
960701s1997 ilu sb 001 0 eng d |
| 010 |
|
|
|z 96009853
|
| 020 |
|
|
|z 0226817490 (alk. paper)
|
| 020 |
|
|
|z 9780226817491
|
| 020 |
|
|
|z 9780226817514
|
| 035 |
|
|
|a (MiAaPQ)EBC408196
|
| 035 |
|
|
|a (Au-PeEL)EBL408196
|
| 035 |
|
|
|a (CaPaEBR)ebr10216964
|
| 035 |
|
|
|a (CaONFJC)MIL122408
|
| 035 |
|
|
|a (OCoLC)290523265
|
| 040 |
|
|
|a MiAaPQ
|c MiAaPQ
|d MiAaPQ
|
| 050 |
|
4 |
|a HF5813.U6
|b T85 1997
|
| 082 |
0 |
4 |
|a 659.1/042
|2 20
|
| 082 |
0 |
4 |
|a 659.1042
|2 20
|
| 100 |
1 |
|
|a Turow, Joseph.
|
| 245 |
1 |
0 |
|a Breaking up America
|h [electronic resource] :
|b advertisers and the new media world /
|c Joseph Turow.
|
| 260 |
|
|
|a Chicago :
|b University of Chicago Press,
|c 1997.
|
| 300 |
|
|
|a xiv, 242 p.
|
| 504 |
|
|
|a Includes bibliographical references (p. 201-230) and index.
|
| 533 |
|
|
|a Electronic reproduction. Ann Arbor, MI : ProQuest, 2015. Available via World Wide Web. Access may be limited to ProQuest affiliated libraries.
|
| 650 |
|
0 |
|a Advertising
|x Social aspects
|z United States.
|
| 650 |
|
0 |
|a Target marketing
|z United States.
|
| 655 |
|
4 |
|a Electronic books.
|
| 710 |
2 |
|
|a ProQuest (Firm)
|
| 856 |
4 |
0 |
|u https://ebookcentral.proquest.com/lib/matrademy/detail.action?docID=408196
|z Click to View
|